Normal view MARC view

Entry Personal Name

Number of records used in: 1

001 - CONTROL NUMBER

  • control field: 14344

003 - CONTROL NUMBER IDENTIFIER

  • control field: OSt

005 - DATE AND TIME OF LATEST TRANSACTION

  • control field: 20210604101816.0

008 - FIXED-LENGTH DATA ELEMENTS

  • fixed length control field: 210604|| aca||aabn | a|a d

040 ## - CATALOGING SOURCE

  • Original cataloging agency: OSt
  • Transcribing agency: OSt

100 ## - HEADING--PERSONAL NAME

  • Personal name: Mercer, K. Lynne.

670 ## - SOURCE DATA FOUND

  • Source citation: Work cat.: (OSt)0: Cross, Patricia C. 14342, Cell and tissue ultrastructure :, c1993.